|
|
|
|
| LEADER |
01302nam a22002897a 4500 |
| 008 |
130704b xxu||||| |||| 00| 0 eng d |
| 999 |
|
|
|c 707
|d 707
|
| 020 |
|
|
|a 9780000169358
|
| 082 |
|
|
|a 335.41
|b MAR/KRI
|
| 100 |
|
|
|a മാ൪ക്സ്, കാള്
|
| 240 |
|
|
|a Mooladhanam Vol. 3
|
| 245 |
|
|
|a മൂലധനം /
|b (അ൪ത്ഥശാസ്ത്രത്തിന്റെ സൂക്ഷമനിരൂപണം)
|c കുറ്റിപ്പുഴ കൃഷ്ണപിള്ള
|
| 246 |
|
|
|a Das Kapital
|
| 246 |
|
|
|a The Capital
|
| 260 |
|
|
|a കോട്ടയം :
|b സാഹിത്യപ്രവര്ത്തക സഹകരണസംഘം,
|c 2011.
|
| 300 |
|
|
|a 1083p.
|
| 440 |
|
|
|v വാള്യം മൂന്ന്
|
| 650 |
|
|
|a Political Economy
|
| 650 |
|
|
|a മാര്ക്സിസം
|
| 650 |
|
|
|a മൂലധനസിദ്ധാന്തം
|
| 650 |
|
|
|a സാമ്പത്തിക ശാസ്ത്രം
|
| 650 |
|
|
|a Marxism
|
| 650 |
|
|
|a Communism
|
| 700 |
|
|
|a Marx, Karl
|
| 700 |
|
|
|a Krishna Pillai, Kutippuzha
|e translator.
|
| 942 |
|
|
|2 ddc
|c BK
|
| 952 |
|
|
|0 0
|1 0
|2 ddc
|4 0
|6 335_410000000000000_MARKRI
|7 0
|9 700
|a MAIN
|b MAIN
|d 2013-07-04
|g 1100.00
|h വാള്യം മൂന്ന്
|o 335.41 MAR/KRI
|p 784
|r 2018-10-17
|t 1
|w 2013-07-04
|y BK
|